| 000 | 00558nam a22002057a 4500 | ||
|---|---|---|---|
| 003 | OSt | ||
| 005 | 20160810141252.0 | ||
| 008 | 160810b xxu||||| |||| 00| 0 eng d | ||
| 020 | _a9780443072895 | ||
| 040 | _cDNLM. | ||
| 082 | _aWB100T314p 2004. | ||
| 100 |
_aEdited by Cameroon, Peter;[et....al] _910587 |
||
| 245 | _aTextbook of Adult Emergency Medicine: | ||
| 250 | _a2nd ed | ||
| 260 |
_aLondon. _bChurchill Livingstone. _c2004. |
||
| 300 |
_axvi,934p; _bill; _c28cm. |
||
| 504 | _aincludes index. | ||
| 650 |
_aMedicine _9324 |
||
| 942 |
_2ddc _cO_SHELF |
||
| 999 |
_c4942 _d4942 |
||